000 00894cam a2200301 4500500
005 20260405003816.0
041 _afre
042 _adc
100 1 0 _aLegros, Martin
_eauthor
245 0 0 _aJérôme Fourquet face à Thomas Piketty et Julia Cagé : dis-moi d’où tu votes, je te dirai qui tu es
260 _c2023.
500 _a35
690 _aClivage
690 _aConsommation
690 _aDémocratie
690 _aDroite
690 _aFrançais
690 _aGauche
690 _aJérôme Fourquet
690 _aJulia Cagé
690 _aPiketty
690 _aPolitique
690 _aRassemblement national
690 _aThomas Piketty
690 _aVote
786 0 _nPhilosophie magazine | 175 | 12 | 2023-12-01 | p. 10-12 | 1951-1787
856 4 1 _uhttps://shs.cairn.info/magazine-philosophie-magazine-2023-12-1-page-10?lang=fr&redirect-ssocas=7080
999 _c2071016
_d2071016